zpět

Detail výsledku týmu

Kozlovka, Hradec Králové

Datum a čas kvízu

29 Celkem bodů Celkový počet nahraných bodů na tomto kvízu bez doplňovacích otázek.
8. Pořadí na kvízu Konečné umístění týmu na tomto kvízu.

Zaznamenané odpovědi

# Otázka Odpověď Body Výsledky
1. Který hudebník narozený v roce... Vladimír Mišík 1
2. Jeden bývalý evropský premiér... Boris Johnson 0
3. Ve čtvrtek měl v Hudebním diva... Anděl Páně 1
4. Kopřivnická Tatra představila... vodík 0
5. Které dvě země se utkaly v sob... Jihoafrická republika, Nový Zéland 1
6. Naše téma nezačneme v kurníku,... Fabergého vejce 1
7. Barvíte velikonoční vajíčka? T... 1C 2A 3D 4B 0
8. Která z vajec na obrázku snesl... B 1
9. Napište název americké romanti... 50x a stále poprvé 1
10. Vyberte nepravdivé tvrzení. D 0